Tenanted land gives strong return (Record no. 72975)

MARC details
000 -LEADER
fixed length control field 00844cam a2200193 4500
001 - CONTROL NUMBER
control field WB3925-17
008 - FIXED-LENGTH DATA ELEMENTS--GENERAL INFORMATION
fixed length control field 030702n2003 000 0 eng u
035 ## - SYSTEM CONTROL NUMBER
System control number (Sirsi) u122850
245 ## - TITLE STATEMENT
Title Tenanted land gives strong return
260 ## - PUBLICATION, DISTRIBUTION, ETC.
Date of publication, distribution, etc. 2003
490 ## - SERIES STATEMENT
Series statement Farmers' Weekly
Volume/sequential designation 138(26) 27 June 2003, 90(1)
520 ## - SUMMARY, ETC.
Summary, etc. The latest Investment Property Databank (IPD) Let Land Index shows that tenanted land gave a strong total return of 19.5% in 2002, beating all rival asset classes. The sector's performance is also ahead of its main competitors over a 10-year period although the income return from let land continues to drop due to downward pressure on farm rents. Table. IPD at www.ipdindex.co.uk.
590 ## - LOCAL NOTE (RLIN)
Local note WB
650 ## - SUBJECT ADDED ENTRY--TOPICAL TERM
Topical term or geographic name entry element TENANTED LAND
650 ## - SUBJECT ADDED ENTRY--TOPICAL TERM
Topical term or geographic name entry element FARMLAND
650 ## - SUBJECT ADDED ENTRY--TOPICAL TERM
Topical term or geographic name entry element LET LAND INDEX
690 ## - LOCAL SUBJECT ADDED ENTRY--TOPICAL TERM (OCLC, RLIN)
Topical term or geographic name as entry element RURAL-MARKET
942 ## - ADDED ENTRY ELEMENTS (KOHA)
Suppress in OPAC 0
Holdings
Withdrawn status Lost status Source of classification or shelving scheme Damaged status Not for loan Home library Current library Shelving location Date acquired Total Checkouts Full call number Barcode Date last seen Copy number Price effective from Koha item type
    Dewey Decimal Classification     London London News article 02/07/2003   WB3925-17 122850-1001 06/08/2019 1 06/08/2019 News article